Pays, Capitales, Drapeaux - Spécial Asie - Statistiques

Statistiques générales
  • Ce quiz a été pris 134 fois
    46 depuis la dernière actualisation
  • Le résultat moyen est 34 sur 48
Statistiques - réponses
Par images Réponse % Correct
Japon / Tokyo
93%
Chine / Pékin
89%
Corée du Sud / Séoul
89%
Inde / New Delhi
89%
Liban / Beyrouth
86%
Arabie Saoudite / Riyad
82%
Indonésie / Jakarta ; Nusantara
82%
Israël / Jérusalem
82%
Viêt Nam / Hanoï
82%
Corée du Nord / Pyongyang
79%
Pakistan / Islamabad
79%
Philippines / Manille
79%
Qatar / Doha
79%
Singapour / Singapour
79%
Iran / Téhéran
75%
Malaisie / Kuala Lumpur
75%
Mongolie / Oulan-Bator
75%
Thaïlande / Bangkok
75%
Turquie / Ankara
75%
Afghanistan / Kaboul
71%
Arménie / Erevan
71%
Cambodge / Phnom Penh
71%
Chypre / Nicosie
71%
Géorgie / Tbilissi
71%
Irak / Bagdad
71%
Népal / Katmandou
71%
Taïwan / Taipei
71%
Bangladesh / Dacca
68%
Bhoutan / Thimphou
68%
Émirats Arabes Unis / Abou Dabi
68%
Jordanie / Amman
68%
Koweït / Koweït
68%
Laos / Vientiane
68%
Azerbaïdjan / Bakou
64%
Brunei / Bandar Seri Begawan
64%
Kirghizistan / Bichkek
64%
Bahreïn / Manama
61%
Kazakhstan / Astana
61%
Maldives / Malé
61%
Oman / Mascate
61%
Ouzbékistan / Tachkent
61%
Sri Lanka / Sri Jayawardenapura Kotte ; Colombo
61%
Timor Oriental / Dili
61%
Turkménistan / Achgabat
61%
Yémen / Sanaa
61%
Syrie / Damas
57%
Birmanie / Naypyidaw
54%
Tadjikistan / Douchanbé
50%
Aucun quiz correspondant
Distribution des résultats
% des personnes avec chaque résultat
Percentile par nombre de réponses
Votre historique - résultats
Vous n’avez pas pris ce quiz depuis la dernière actualisation